Phong thuỷ đại sư : Bộ 1

Đã lưu trong:
書目詳細資料
主要作者: Tiêu, Hiển
格式: 圖書
語言:Undetermined
出版: Hà Nội Văn hóa Thông tin 2002
主題:
標簽: 添加標簽
沒有標簽, 成為第一個標記此記錄!
Thư viện lưu trữ: Trung tâm Học liệu Trường Đại học Cần Thơ
LEADER 00578nam a2200205Ia 4500
001 CTU_54308
008 210402s9999 xx 000 0 und d
020 |c 120000 
082 |a 895.13081 
082 |b H305/T.1 
100 |a Tiêu, Hiển 
245 0 |a Phong thuỷ đại sư : 
245 0 |b Bộ 1 
245 0 |c Tiêu Hiển; Anh Vũ dịch 
260 |a Hà Nội 
260 |b Văn hóa Thông tin 
260 |c 2002 
650 |a Historical fiction, chinese 
904 |i Qhieu đã sửa 
980 |a Trung tâm Học liệu Trường Đại học Cần Thơ